Wordt geladen...
Econoics for all Competitive Examinations
| Hoofdauteur: | |
|---|---|
| Formaat: | Printed Book |
| Gepubliceerd in: |
IIMS Publications, New Delhi
2014
|
| Onderwerpen: |
| LEADER | 00540nam a2200193 4500 | ||
|---|---|---|---|
| 020 | |||
| 082 | |a 001.076 PUR-E | ||
| 100 | |a Puri, Gopal K | ||
| 245 | |a Econoics for all Competitive Examinations | ||
| 250 | |||
| 260 | |a IIMS Publications, New Delhi |c 2014 | ||
| 300 | |||
| 490 | |||
| 500 | |||
| 590 | |a MBC | ||
| 650 | |a Competitive exams study materials-- Study and teaching | ||
| 942 | |c BK | ||
| 999 | |c 116964 |d 116964 | ||
| 952 | |0 0 |1 0 |4 0 |6 001_076000000000000_PURE |7 0 |9 130431 |a ECN |b ECN |l 0 |o 001.076 PUR-E |p ECN13986 |r 2019-09-25 |w 2019-09-25 |y BK | ||